|
|
|
|
| LEADER |
00000nam a22000007a 4500 |
| 005 |
20150813223755.0 |
| 007 |
cr|||| |||| |
| 008 |
150813s2014 es |||||s|||| 00||0 spa d |
| 020 |
|
|
|a 978-84-942709-8-7
|
| 035 |
|
|
|a 12831
|
| 040 |
|
|
|a vLex
|
| 090 |
|
|
|c 5547
|d 5547
|
| 100 |
1 |
|
|a Fabeiro Fidalgo, Patricia
|
| 245 |
1 |
3 |
|a El derecho a la lengua propia en el ordenamiento internacional y de la UE
|h [Recurso electrn̤ico] /
|c Patricia Fabeiro Fidalgo
|
| 256 |
|
|
|a Servicio en ln̕ea
|
| 260 |
|
|
|a Barcelona:
|b J.M. Bosch Editor,
|c 2014
|
| 300 |
|
|
|a 1 recurso electrn̤ico
|
| 500 |
|
|
|a La actual imbricacin̤ de los ordenamientos jurd̕icos plantea la necesidad del anl̀isis del orden internacional y de la UE en lo que ataę a cm̤o reconocen el derecho al uso de la lengua propia a los minoritarios en el seno del Estado. En la Comunidad internacional se constata a partir de la segunda mitad del S. XX el abandono del paradigma de la negacin̤ del otro, encarnado por el caso francš y alemǹ, y el paso al de respeto de la diversidad lingüs̕tica. Éste, durante bastante tiempo entendido como encarna el modelo americano de “laico en lo cultural”, es a partir de los aǫs 90 y de los documentos del Consejo de Europa, de la mano de la igualdad y de la identidad, que el Estado asume compromisos de procura de condiciones para el florecimiento del pluralismo idiomt̀ico, todo con el objetivo l︢timo de la integracin̤ o de la cohesin̤ social. La UE en este terreno asume los enunciados de la anterior organizacin̤ regional y ha llegado a erigir el principio de diversidad idiomt̀ica a rango constitucional, en liza con otros tan capitales como las libertades comunitarias y la libre competencia.
|
| 506 |
1 |
|
|a Disponible solo en los productos indicados
|d vLex Global
|d vLex Global (Academic Edition, excluding Law Schools)
|d vLex Global (U.S. Academic Edition, Law Schools)
|d vLex Global (U.S. Academic Edition, excluding Law Schools)
|d vLex Global (Academic Edition, Law Schools)
|
| 650 |
0 |
4 |
|a Derecho Internacional
|z Espaą
|
| 740 |
0 |
|
|a vLex Libros (Servicio en ln̕ea)
|
| 856 |
4 |
0 |
|u http://vlex.com/source/derecho-a-la-lengua-propia-en-el-ordenamiento-internacional-y-de-la-ue-12831
|z Acceso restringido
|
| 942 |
|
|
|c BOOK
|
| 999 |
0 |
|
|a International Law
|